Wszystkie współczesne państwa kontrolowane przez Holandię - Statystyki

Ogólne statystyki
  • Ten quiz został rozwiązany 3 721 razy
    3 715 od ostatniego zresetowania
  • Średni wynik to 43 z 53
Odpowiedzi na mapie
Odpowiedzi zakodowano w zielono-czerwonej skali na mapie do tego quizu, zgodnie z poniższymi procentami.
 
Statystyki odpowiedzi
Państwo % Poprawnych
Belgia
97%
Holandia
97%
Indie
96%
Brazylia
95%
Indonezja
95%
Stany Zjednoczone
95%
Chiny
93%
Japonia
93%
Kanada
93%
Republika Południowej Afryki
93%
Iran
92%
Luksemburg
92%
Jemen
91%
Madagaskar
91%
Oman
91%
Tajlandia
91%
Gujana
90%
Niemcy
90%
Surinam
90%
Wietnam
90%
Malezja
89%
Irak
88%
Kolumbia
88%
Bangladesz
87%
Mjanma
87%
Pakistan
87%
Haiti
86%
Kambodża
86%
Francja
84%
Sri Lanka
84%
Senegal
82%
Angola
81%
Timor Wschodni
81%
Mozambik
78%
Nigeria
78%
Togo
78%
Norwegia (Svalbard I Jan Mayen)
77%
Mauretania
76%
Chile
75%
Kongo
75%
Benin
73%
Tajwan
72%
Ghana
70%
Gwinea Równikowa
70%
Malediwy
70%
Gabon
68%
Liberia
68%
Wyspy Świętego Tomasza i Książeca
67%
Wenezuela
61%
Mauritius
59%
Trynidad i Tobago
53%
Grenada
47%
Wielka Brytania (Wiele terytoriów zamorskich)
47%
Nie znaleziono quizów pasujących do podanych kryteriów
Rozkład punktacji
Procent ludzi z każdym wynikiem
Percentyl według liczby udzielonych odpowiedzi
Twoja historia wyników
Nie rozwiązałeś tego quizu od ostatniego zresetowania